000 00604nam a2200229Ia 4500
003 OSt
005 20220916111041.0
006 a|||||r|||| 00| 0
007 ta
008 220915b |||||||| |||| 00| 0 eng d
024 _a244403
037 _cTextbook
040 _beng
_aARTS
_cARTS
041 _aeng
082 _ay:5.6, L3
245 0 _aApplication of demographic data and analysis to development planning
260 _aAddis
_bAbaba Economic commission for Africa
300 _a106p
_ccm.
650 _aSOCIOLOGY
942 _hy:5.6, L3
_cTB
_2CC
999 _c104606
_d104606